[Event "Stuttgart-chB int"]
[Site "Ditzingen"]
[Date "2006.05.27"]
[Round "6"]
[White "Held, Siegfried"]
[Black "Ortner, Marcel"]
[Result "0-1"]
[WhiteElo "1314"]
[BlackElo "1112"]
[PlyCount "82"]
[EventDate "2006.05.25"]
[EventType "swiss"]
[EventRounds "7"]
[EventCountry "GER"]
[SourceTitle "EXT 2018"]
[Source "ChessBase"]
[SourceDate "2017.10.13"]
[SourceVersion "1"]
[SourceVersionDate "2017.10.13"]
[SourceQuality "1"]

1. Nf3 Nc6 2. d4 d5 3. e3 Nf6 4. c4 Bf5 5. Nc3 e6 6. cxd5 exd5 7. Bb5 Bd7 8. 0-0 Bd6 9. Re1 a6 10. Ba4 0-0 11. e4 dxe4 12. Nxe4 Nxe4 13. Rxe4 Re8 14. Rxe8+ Qxe8 15. Be3 Na5 16. Bxd7 Qxd7 17. b3 Rd8 18. Qc2 Nc6 19. Ng5 g6 20. h4 Bb4 21. Rd1 Ne7 22. Ne4 Nd5 23. Bg5 Re8 24. Bf6 Qe6 25. Be5 f6 26. Nxf6+ Nxf6 27. Qxc7 Qf7 28. Qb6 Nd5 29. Qa7 Nc3 30. Rd3 Ne2+ 31. Kf1 Nc1 32. Rf3 Qd7 33. Qb6 Rxe5 34. Qxb4 Re8 35. Qc4+ Kh8 36. Qc5 Kg8 37. Qc4+ Kh8 38. a4 Na2 39. Qc5 Kg8 40. Qc4+ Kh8 41. g3 Qh3+ 0-1

[Event "Stuttgart-chB int"]
[Site "Ditzingen"]
[Date "2006.05.27"]
[Round "5"]
[White "Scheunemann, Uwe"]
[Black "Ortner, Marcel"]
[Result "1-0"]
[WhiteElo "1384"]
[BlackElo "1112"]
[PlyCount "95"]
[EventDate "2006.05.25"]
[EventType "swiss"]
[EventRounds "7"]
[EventCountry "GER"]
[SourceTitle "EXT 2018"]
[Source "ChessBase"]
[SourceDate "2017.10.13"]
[SourceVersion "1"]
[SourceVersionDate "2017.10.13"]
[SourceQuality "1"]

1. g4 e5 2. Bg2 d5 3. c4 dxc4 4. Qa4+ Nd7 5. Qxc4 Nb6 6. Qb5+ Nd7 7. Qb3 Nc5 8. Qe3 Bd6 9. d4 Ne6 10. dxe5 Bc5 11. Qd2 Qxd2+ 12. Nxd2 Nd4 13. Rb1 Ne7 14. h3 0-0 15. e3 Nc2+ 16. Kd1 Nb4 17. a3 Nd3 18. Ke2 Nxe5 19. b4 Bd6 20. Bb2 c6 21. Ngf3 Nxf3 22. Bxf3 Ng6 23. Rhd1 Be5 24. Nc4 Bxb2 25. Rxb2 Be6 26. Nd6 Rab8 27. Bh1 Ne5 28. f4 Nc4 29. Nxc4 Bxc4+ 30. Ke1 Rfe8 31. e4 Bd5 32. Rd4 b5 33. Kf2 Bc4 34. Rbd2 g6 35. e5 Rbc8 36. Rd6 c5 37. Bb7 Rc7 38. Bd5 cxb4 39. axb4 Bxd5 40. R6xd5 Rc4 41. R5d4 Rec8 42. Ke3 Rc3+ 43. R2d3 Rxd3+ 44. Kxd3 Ra8 45. f5 Kg7 46. Rd7 Kf8 47. e6 Ke8 48. Rxf7 1-0

[Event "Dortmund op-B"]
[Site "Dortmund"]
[Date "2005.07.12"]
[Round "5"]
[White "Raschkowski, Alexander"]
[Black "Ortner, Marcel"]
[Result "1/2-1/2"]
[WhiteElo "1171"]
[BlackElo "789"]
[PlyCount "78"]
[EventDate "2005.07.08"]
[EventType "swiss"]
[EventRounds "9"]
[EventCountry "GER"]
[SourceTitle "CBM 107 Extra"]
[Source "ChessBase"]
[SourceDate "2005.09.01"]
[SourceVersion "1"]
[SourceVersionDate "2005.09.01"]
[SourceQuality "1"]

1. e4 e5 2. Nf3 Nc6 3. Bc4 Nf6 4. Nc3 Bc5 5. h3 0-0 6. d3 h6 7. 0-0 d6 8. Be3 Nd4 9. Bxd4 Bxd4 10. Nxd4 exd4 11. Ne2 c5 12. c3 dxc3 13. Nxc3 Be6 14. Bb3 Bxb3 15. axb3 d5 16. e5 Nd7 17. f4 f6 18. e6 Nb6 19. Re1 Re8 20. f5 Re7 21. g4 a6 22. Ra5 Qd6 23. Qf3 Rae8 24. b4 cxb4 25. Nxd5 Nxd5 26. Rxd5 Qb6+ 27. Kf1 Qc6 28. Kg2 b5 29. Rd4 Qc5 30. Rd7 Qc8 31. Qd5 Qb8 32. Rc1 Rxd7 33. exd7+ Kh7 34. dxe8Q Qxe8 35. Kf2 Qb8 36. Qf7 Qf4+ 37. Ke2 Qxc1 38. Qg6+ Kg8 39. Qe8+ Kh7 1/2-1/2

[Event "Dortmund op-B"]
[Site "Dortmund"]
[Date "2005.07.11"]
[Round "4"]
[White "Ortner, Marcel"]
[Black "Aust, Werner"]
[Result "0-1"]
[WhiteElo "789"]
[BlackElo "1425"]
[PlyCount "64"]
[EventDate "2005.07.08"]
[EventType "swiss"]
[EventRounds "9"]
[EventCountry "GER"]
[SourceTitle "CBM 107 Extra"]
[Source "ChessBase"]
[SourceDate "2005.09.01"]
[SourceVersion "1"]
[SourceVersionDate "2005.09.01"]
[SourceQuality "1"]

1. e4 c5 2. Nf3 d6 3. Bc4 Nc6 4. Nc3 Nf6 5. Ng5 e6 6. d3 a6 7. a4 Be7 8. Qf3 Ne5 9. Qe2 Nxc4 10. dxc4 Bd7 11. 0-0 Bc6 12. b3 0-0 13. Nf3 Qc7 14. Rd1 b6 15. e5 Ne8 16. exd6 Bxd6 17. Ne4 Be7 18. Neg5 Nf6 19. Qd3 Rad8 20. Qe2 Qb7 21. Rxd8 Rxd8 22. Bf4 h6 23. Nh3 Bxf3 24. gxf3 Rd4 25. Bg3 Qd7 26. c3 Rd2 27. Qe1 Nh5 28. Nf4 Nxg3 29. fxg3 Bf6 30. Ne2 Qd3 31. Kf2 Bxc3 32. Rc1 Bd4+ 0-1